Normal view
MARC view
- Saniyasnain Khan
Entry Personal Name
001 - CONTROL NUMBER
- control field: 88760
003 - CONTROL NUMBER IDENTIFIER
- control field: NUST
005 - DATE AND TIME OF LATEST TRANSACTION
- control field: 20220203132910.0
008 - FIXED-LENGTH DATA ELEMENTS
- fixed length control field: 220203|| aca||aabn | a|a d
040 ## - CATALOGING SOURCE
- Original cataloging agency: NUST
- Transcribing agency: NUST
100 ## - HEADING--PERSONAL NAME
- Personal name: Saniyasnain Khan
670 ## - SOURCE DATA FOUND
- Source citation: Work cat.: (NUST)586422: Saniyasnain Khan, Tell me about Hajj, 2013.
